| 000 | 01366nam a2200313 a 4500 | ||
|---|---|---|---|
| 001 | 000021328 | ||
| 005 | 20200930011312.0 | ||
| 008 | 100906s1980 dr r 000 0 spa d | ||
| 040 |
_aDO-SdBNP _bspa _cBNPHU |
||
| 082 |
_a352.448 _bR426a |
||
| 110 | 2 |
_aRepública Dominicana. _bSecretaría de Estado de Finanzas _932264 |
|
| 245 | 1 | 0 |
_aAdministración y técnica aduaneras / _cCarlos Anabalón Ramírez...[et.al] ; prólogo Bolívar Báez Ortiz. |
| 260 |
_aSanto Domingo : _bInstituto de Capacitación Tributaria, _c1980. |
||
| 300 |
_a184 p. ; _c21 cm. |
||
| 490 | 1 |
_aTemas aduaneros _v8 |
|
| 500 | _aMaterial de apoyo para los programas desarrollados por el Instituto de Capacitación Tributaria. | ||
| 504 | _aIncluye bibliografía y notas al pie de páginas. | ||
| 590 | _aInventariado, 2018/BT | ||
| 650 | 4 |
_aAduanas _zRepública Dominicana _99334 |
|
| 650 | 4 |
_aNomenclatura arancelaria _937033 |
|
| 700 | 1 |
_aAnabalón Ramírez, Carlos _919098 |
|
| 700 | 1 |
_aDa Costa e Silva, Oswaldo _944563 |
|
| 700 | 1 |
_aDanín Lobo, Luis Carlos de _944564 |
|
| 700 | 1 |
_aFuentes González, Benjamín _944565 |
|
| 700 | 1 |
_aBáez Ortiz, Bolívar, _epról. _935646 |
|
| 710 | 1 |
_aRepública Dominicana. _bSecretaría de Estado de Finanzas. _bInstituto de Capacitación Tributaria _99333 |
|
| 830 | 0 |
_aTemas aduaneros _n8 _944566 |
|
| 910 | _aValidado. Control de calidad. EMS | ||
| 999 |
_c20828 _d20828 |
||